Chicago Bears 2024-25 Roster - Statistics

General Stats
  • This quiz has been taken 210 times
  • The average score is 20 of 78
Answer Stats
Answer % Correct
18 Caleb Williams
98%
4 D'Andre Swift
97%
2 DJ Moore
89%
17 Tyson Bagent
88%
13 Keenan Allen
83%
15 Rome Odunze
70%
85 Cole Kmet
69%
23 Roschon Johnson
65%
1 Jaylon Johnson
54%
98 Montez Sweat
54%
58 Darnell Wright
50%
84 Marcedes Lewis
50%
10 Tyler Scott
48%
70 Braxton Jones
47%
6 Kyler Gordon
47%
53 T.J. Edwards
47%
20 Travis Homer
47%
49 Tremaine Edmunds
47%
8 Cairo Santos
45%
14 Gerald Everett
45%
29 Tyrique Stevenson
45%
19 Tory Taylor
44%
76 Teven Jenkins
42%
S:9 Jaquan Brisker
38%
57 Jack Sanborn
37%
11 DeAndre Carter
33%
DT:97 Andrew Billings
31%
65 Coleman Shelton
30%
LS:48 Patrick Scales
29%
31 Kevin Byard II
23%
94 Austin Booker
21%
WR:80 Collin Johnson
21%
36 Jonathan Owens
21%
71 Ryan Bates
21%
79 Matt Pryor
19%
44 Noah Sewell
19%
96 Zacch Pickens
19%
75 Larry Borom
18%
39 Josh Blackwell
16%
72 Kiran Amegadjie
15%
46 Scott Daly
15%
52 Darrell Taylor
14%
99 Gervon Dexter Jr
14%
QB:16 Austin Reed
12%
95 Demarcus Walker
12%
90 Dominique Robinson
12%
22 Elijah Hicks
12%
CB:21 Jaylon Jones
12%
32 Terell Smith
12%
RB:33 Ian Wheeler
11%
68 Doug Kramer Jr
10%
45 Amen Ogbongbemiga
9%
OG:60 Bill Murray
8%
91 Chris Williams
6%
93 Byron Cowart
5%
92 Daniel Hardy
5%
WR:83 Nsimba Webster
5%
TE:88 Stephen Carlson
5%
OT:62 Theo Benedet
5%
73 Jake Curhan
4%
38 Ameer Speed
3%
RB:25 Darrynton Evans
3%
55 Jacob Martin
3%
LB:47 Micah Baskerville
3%
CB:27 Reddy Steward
3%
30 Tarvarius Moore
3%
LB:50 Carl Jones
2%
WR:82 John Jackson
2%
C:63 Chris Glaser
1%
DT:69 Dashaun Mallory
1%
S:38 Douglas Coleman III
1%
DE:59 Jamree Kromah
1%
TE:86 Joel Wilson
1%
S:26 JT Woods
1%
C:67 Ricky Stromberg
1%
WR:83 Samori Toure
1%
TE:87 Tommy Sweeney
1%
OT:78 Austen Pleasants
0%
No matching quizzes found
Score Distribution
Percent of People with Each Score
Percentile by Number Answered
Your Score History
You have not taken this quiz